Lyrics to Adele-Skyfall - Statistics

General Stats
  • This quiz has been taken 1,991 times
  • The average score is 24 of 31
Answer Stats
Hint Answer % Correct
this is the end
98%
For this is the end
98%
And count to ten
97%
Let the skyfall
95%
At skyfall
95%
Hold your breath
94%
Face it all together
90%
We will stand tall
89%
When it crumble
88%
Feel the earth move....... then and
87%
But you never have my heart
81%
What you .... I see see
78%
You .... take my name can
77%
A thousand miles
77%
This moment
77%
You may have my number
77%
...... you go i go where
76%
Skyfall is where we start
73%
Hear my heart....... again burst
71%
Where worlds collide
67%
I've drowned and dreamt
67%
I know I'd ..... be me never
67%
Of your ..... arms loving
65%
and days are dark
63%
... your hand in my hand put
63%
Keeping me from harm
62%
Without the security
62%
So ....... i owe them overdue
61%
...... away, i'm stolen swept
61%
And we'll stand
60%
And .... apart poles
43%
No matching quizzes found
Score Distribution
Percent of People with Each Score
Percentile by Number Answered
Your Score History
You have not taken this quiz